Hướng dẫn thực hành hạch toán kế toán lập báo cáo tài chính chế độ chứng từ, sổ kế toán hành chính sự nghiệp ( Theo quyết định số 19/2006/QĐ-BTC ngày 30-03-2006 của Bộ Tài chính về việc ban hành chế độ kế toán hành chính sự nghiệp )
Wedi'i Gadw mewn:
| Fformat: | Llyfr |
|---|---|
| Iaith: | Undetermined |
| Cyhoeddwyd: |
Hà Nội
Lao động - Xã hội
2006
|
| Pynciau: | |
| Tagiau: |
Ychwanegu Tag
Dim Tagiau, Byddwch y cyntaf i dagio'r cofnod hwn!
|
| Thư viện lưu trữ: | Trung tâm Học liệu Trường Đại học Cần Thơ |
|---|
| LEADER | 00820nam a2200181Ia 4500 | ||
|---|---|---|---|
| 001 | CTU_119802 | ||
| 008 | 210402s9999 xx 000 0 und d | ||
| 020 | |c 128000 | ||
| 082 | |a 657.3 | ||
| 082 | |b H561 | ||
| 245 | 0 | |a Hướng dẫn thực hành hạch toán kế toán lập báo cáo tài chính chế độ chứng từ, sổ kế toán hành chính sự nghiệp | |
| 245 | 0 | |b ( Theo quyết định số 19/2006/QĐ-BTC ngày 30-03-2006 của Bộ Tài chính về việc ban hành chế độ kế toán hành chính sự nghiệp ) | |
| 260 | |a Hà Nội | ||
| 260 | |b Lao động - Xã hội | ||
| 260 | |c 2006 | ||
| 650 | |a Accounting,Managerial accounting | ||
| 904 | |i Giang | ||
| 980 | |a Trung tâm Học liệu Trường Đại học Cần Thơ | ||